000 00493nam a2200169 i 4500
001 23604
003 ES-MaACL
005 20230906152913.0
007 t|
008 021211q1920 sp ||||1| spa d
100 1 _aAlvarez-Coque, Aureliano.
_920743
245 1 0 _aHistoria militar /
_cpor Aureliano Alvarez-Coque y Juan de Castro.
260 _aToledo :
_bColegio de MÂȘ Cristina,
_c[1920?]
300 _a2 v. ;
_c25 cm.
700 1 _aCastro, Juan de.
_936872
852 _aES-MaACL
_jF-11071-2
999 _c23604
_d23604